Statistiken für Dortmund Legenden

Klicken Sie hier um das Quiz zu spielen!

Allgemein

  • Dieses Quiz wurde 117 mal gespielt
  • Das Durchschnittsergebnis liegt bei 18 aus 40

Antwortstatistiken

Antwort% Korrekt
Roman Weidenfeller
98%
Sebastian Kehl
90%
Jürgen Klopp
87%
Kevin Großkreutz
87%
Lars Ricken
86%
Leonardo Dede
86%
Matthias Sammer
84%
Marcel Schmelzer
83%
Jakub Blaszczykowski
76%
Jan Koller
70%
Jürgen Kohler
70%
Michael Zorc
69%
Lukasz Piszczek
62%
Andreas Möller
58%
Tomas Rosicky
57%
Marcio Amoroso
56%
Manfred Burgsmüller
54%
Ottmar Hitzfeld
54%
Staphane Chapuisat
51%
Karl-Heinz Riedle
43%
Lothar Emmerich
42%
Stafan Klos
41%
Thomas Helmer
37%
Ewerthon
34%
Norbert Dickel
33%
Wolfgang de Beer
28%
Paulo Sousa
26%
Julio Cesar
24%
Stefan Reuter
24%
Heiko Herrlich
23%
Sigfried Held
23%
Timo Konietzka
22%
Adi Preißler
17%
Alfred Schmidt
9%
Alfred Kelbassa
6%
Hans Tilkowski
6%
August Lenz
4%
Erich Schanko
3%
Helmut Bracht
3%
Max Michallek
1%

Verteilung der Resultate

Perzentil nach korrekt beantworteten Fragen

Anzahl Personen mit jedem Resultat

Ihre Resultats-Entwicklung

Sie haben dieses Quiz noch nicht gespielt